00490nam a2200181Ia 4500003000400000008004100004040001600045082001300061100002100074245007900095700002000174260004500194300001000239650001300249650002100262650001400283650001100297GCL140319s9999 xx 000 0 eng d aGCL / cGCL04a425bR S1 aRADFORD, RUESELL10aSYNTACTIC THEORY AND THE ACQUISTION OF ENGILSH SYNTAX / cRADFORD, RUESELL1 aRADFORD, ARDREW a[S.N] : bBasil Block Well Ltd ، c1994 a311 P04aCHILDREN04aENGLISH LANGUAGE04aLANGUAGES04aSYNTAX